Name The Player (Manchester City) - Statistics

General Stats
  • This quiz has been taken 576 times
  • The average score is 5 of 7
Answer Stats
Age Country Position Starting Letter Ending Letter Answer % Correct
32 Belgium CB K Y Kompany
95%
30 Argentina ST A O Aguero
93%
24 France LB M Y Mendy
89%
24 and 32 Portugal and Spain RW and CM S A Silva
85%
35 Chile GK B O Bravo
84%
27 France CB M A Mangala
58%
20 (On Loan at Girona) Brazil CM D Z Douglas Luiz
20%
No matching quizzes found
Score Distribution
Percent of People with Each Score
Percentile by Number Answered
Your Score History
You have not taken this quiz